<?xml version="1.0" encoding="UTF-8"?>
<record
    xmlns:xsi="http://www.w3.org/2001/XMLSchema-instance"
    xsi:schemaLocation="http://www.loc.gov/MARC21/slim http://www.loc.gov/standards/marcxml/schema/MARC21slim.xsd"
    xmlns="http://www.loc.gov/MARC21/slim">

  <leader>01053nam a2200181Ia 4500</leader>
  <controlfield tag="008">151202s9999||||xx |||||||||||||| ||und||</controlfield>
  <datafield tag="082" ind1=" " ind2=" ">
    <subfield code="b">PNVM-85224</subfield>
  </datafield>
  <datafield tag="100" ind1=" " ind2=" ">
    <subfield code="a">&#x915;&#x949;&#x932;&#x93F;&#x928;&#x94D;&#x938; &#x938;&#x941;&#x91D;&#x94D;&#x92F;&#x93E;&#x928;/&#x905;&#x928;&#x941;-&#x92C;&#x94B;&#x930;&#x938;&#x947; &#x938;&#x941;&#x94D;&#x92E;&#x93F;&#x924;&#x93E;</subfield>
  </datafield>
  <datafield tag="245" ind1=" " ind2=" ">
    <subfield code="a"> &#x926; &#x939;&#x902;&#x917;&#x930; &#x917;&#x947;&#x92E;&#x94D;&#x938; &#x91D;&#x92A;&#x93E;&#x91F;&#x942;&#x928; &#x91F;&#x93E;&#x915;&#x923;&#x93E;&#x930;&#x940; &#x925;&#x930;&#x93E;&#x930;&#x915; &#x906;&#x923;&#x93F; &#x932;&#x915;&#x94D;&#x937;&#x935;&#x947;&#x927;&#x940; &#x915;&#x93E;&#x926;&#x902;&#x92C;&#x930;&#x940; </subfield>
  </datafield>
  <datafield tag="260" ind1=" " ind2=" ">
    <subfield code="b">&#x92E;&#x947;&#x939;&#x924;&#x93E; </subfield>
  </datafield>
  <datafield tag="260" ind1=" " ind2=" ">
    <subfield code="c">2015</subfield>
  </datafield>
  <datafield tag="300" ind1=" " ind2=" ">
    <subfield code="a">321</subfield>
  </datafield>
  <datafield tag="600" ind1=" " ind2=" ">
    <subfield code="a">&#x915;&#x949;&#x932;&#x93F;&#x928;&#x94D;&#x938; &#x938;&#x941;&#x91D;&#x94D;&#x92F;&#x93E;&#x928;/&#x905;&#x928;&#x941;-&#x92C;&#x94B;&#x930;&#x938;&#x947; &#x938;&#x941;&#x94D;&#x92E;&#x93F;&#x924;&#x93E;</subfield>
  </datafield>
  <datafield tag="630" ind1=" " ind2=" ">
    <subfield code="a"> &#x926; &#x939;&#x902;&#x917;&#x930; &#x917;&#x947;&#x92E;&#x94D;&#x938; &#x91D;&#x92A;&#x93E;&#x91F;&#x942;&#x928; &#x91F;&#x93E;&#x915;&#x923;&#x93E;&#x930;&#x940; &#x925;&#x930;&#x93E;&#x930;&#x915; &#x906;&#x923;&#x93F; &#x932;&#x915;&#x94D;&#x937;&#x935;&#x947;&#x927;&#x940; &#x915;&#x93E;&#x926;&#x902;&#x92C;&#x930;&#x940; </subfield>
  </datafield>
  <datafield tag="700" ind1=" " ind2=" ">
    <subfield code="a">&#x915;&#x949;&#x932;&#x93F;&#x928;&#x94D;&#x938; &#x938;&#x941;&#x91D;&#x94D;&#x92F;&#x93E;&#x928;/&#x905;&#x928;&#x941;-&#x92C;&#x94B;&#x930;&#x938;&#x947; &#x938;&#x941;&#x94D;&#x92E;&#x93F;&#x924;&#x93E;</subfield>
  </datafield>
  <datafield tag="730" ind1=" " ind2=" ">
    <subfield code="a"> &#x926; &#x939;&#x902;&#x917;&#x930; &#x917;&#x947;&#x92E;&#x94D;&#x938; &#x91D;&#x92A;&#x93E;&#x91F;&#x942;&#x928; &#x91F;&#x93E;&#x915;&#x923;&#x93E;&#x930;&#x940; &#x925;&#x930;&#x93E;&#x930;&#x915; &#x906;&#x923;&#x93F; &#x932;&#x915;&#x94D;&#x937;&#x935;&#x947;&#x927;&#x940; &#x915;&#x93E;&#x926;&#x902;&#x92C;&#x930;&#x940; </subfield>
  </datafield>
  <datafield tag="942" ind1=" " ind2=" ">
    <subfield code="c">BOOK</subfield>
  </datafield>
  <datafield tag="999" ind1=" " ind2=" ">
    <subfield code="c">1350041</subfield>
    <subfield code="d">1350038</subfield>
  </datafield>
  <datafield tag="952" ind1=" " ind2=" ">
    <subfield code="0">0</subfield>
    <subfield code="1">0</subfield>
    <subfield code="4">0</subfield>
    <subfield code="7">0</subfield>
    <subfield code="a">PNVM</subfield>
    <subfield code="b">PNVM</subfield>
    <subfield code="d">2015-10-25</subfield>
    <subfield code="g">300.00</subfield>
    <subfield code="l">0</subfield>
    <subfield code="o">PNVM-85224</subfield>
    <subfield code="p">PNVM-85224</subfield>
    <subfield code="r">2015-12-02 00:00:00</subfield>
    <subfield code="v">300.00</subfield>
    <subfield code="w">2015-12-02</subfield>
    <subfield code="y">BOOK</subfield>
  </datafield>
</record>
